000 00411nam a22001697a 4500
003 MPLRDC
005 20220104172326.0
008 210129b ||||| |||| 00| 0 eng d
082 _a550.7 HIR
100 _aH. RICHARD HIRD
245 _aWORKING WITH ECONOMICS, A CANADIAN FRAMEWOKD
_c
250 _a初版
260 _a
_bCOLLIER MACMILLAN
_c1983
300 _b
650 _a
942 _cBK
_o550.7 HIR
999 _c58888
_d58878